NBA Coaches of The Year - Statistics

General Stats
  • This quiz has been taken 70 times
  • The average score is 29 of 61
Answer Stats
Year Team Winner % Correct
2014 Spurs Gregg Popovich
98%
2012 Spurs Gregg Popovich
98%
2003 Spurs Gregg Popovich
98%
1967 Bulls Johnny Kerr
95%
2016 Warriors Steve Kerr
95%
1996 Bulls Phil Jackson
93%
2023 Kings Mike Brown
91%
2009 Cavaliers Mike Brown
91%
2004 Grizzlies Hubie Brown
86%
1978 Hawks Hubie Brown
86%
2001 76ers Larry Brown
86%
2020 Raptors Nick Nurse
84%
2022 Suns Monty Williams
81%
1997 Heat Pat Riley
81%
1993 Knicks Pat Riley
81%
1990 Lakers Pat Riley
81%
2019 Bucks Mike Budenholzer
79%
2015 Hawks Mike Budenholzer
79%
2013 Nuggets George Karl
77%
2021 Knicks Tom Thibodeau
77%
2011 Bulls Tom Thibodeau
77%
2017 Rockets Mike D'Antoni
72%
2005 Suns Mike D'Antoni
72%
1998 Pacers Larry Bird
70%
2018 Raptors Dwane Casey
63%
1965 Celtics Red Auerbach
63%
2006 Mavericks Avery Johnson
58%
1975 Kings Phil Johnson
58%
2002 Pistons Rick Carlisle
53%
2010 Thunder Scott Brooks
51%
2000 Magic Doc Rivers
42%
2008 Hornets Byron Scott
37%
1974 Pistons Ray Scott
37%
1992 Warriors Don Nelson
35%
1985 Bucks Don Nelson
35%
1983 Bucks Don Nelson
35%
1994 Hawks Lenny Wilkens
33%
1980 Celtics Bill Fitch
28%
1976 Cavaliers Bill Fitch
28%
1999 Trail Blazers Mike Dunleavy
23%
1973 Celtics Tom Heinsohn
23%
1972 Lakers Bill Sharman
19%
1970 Knicks Red Holzman
19%
2007 Raptors Sam Mitchell
16%
1989 Suns Cotton Fitzsimmons
12%
1979 Kings Cotton Fitzsimmons
12%
1995 Lakers Del Harris
12%
1971 Bulls Dick Motta
12%
1988 Nuggets Doug Moe
12%
1986 Hawks Mike Fratello
12%
1964 Warriors Alex Hannum
9%
1966 76ers Dolph Schayes
9%
1984 Jazz Frank Layden
9%
1981 Pacers Jack McKinney
9%
1991 Rockets Don Chaney
7%
1982 Bullets Gene Shue
7%
1969 Bullets Gene Shue
7%
1977 Rockets Tom Nissalke
7%
1963 Hawks Harry Gallatin
5%
1987 Trail Blazers Mike Schuler
5%
1968 Hawks Richie Guerin
5%
No matching quizzes found
Score Distribution
Percent of People with Each Score
Percentile by Number Answered
Your Score History
You have not taken this quiz